Statistics for Things Named After Nationalities

Click here to take the quiz!

General Stats

  • This quiz has been taken 37 times
  • The average score is 10 of 15

Answer Stats

ItemAnswer% Correct
ToastFrench
100%
MeatballsSwedish
78%
DollsRussian
78%
TragedyGreek
78%
ChocolateBelgian
76%
SummerIndian
70%
Jumping BeansMexican
70%
OmeletteSpanish
68%
CourageDutch
68%
GooseberryChinese
62%
DelightTurkish
62%
Man Of WarPortuguese
59%
CottonEgyptian
41%
BaconDanish
32%
VanillaMadagascan
11%

Score Distribution

Percentile by Number Answered

Percent of People with Each Score

Your Score History

You have not taken this quiz